000 02236nam a22003857a 4500
001 1000231.0
003 KnowledgeUnlatched
005 20210303104841.0
006 m o d
007 cr u||||||||||
008 210129p20182020cau o u00| u eng d
037 _5BiblioBoard
245 0 0 _aSounding Islam
_cPatrick Eisenlohr.
020 _a9780520970762
024 8 _a10.1525/luminos.53
029 1 _ahttps://library.biblioboard.com/ext/api/media/b7726945-35b6-473b-b3bb-ed248332d856/assets/thumbnail.jpg
040 _aScCtBLL
_cScCtBLL
100 1 _aEisenlohr, Patrick
_eauthor.
264 1 _bUniversity of California Press,
300 _a1 online resource (1 p.)
506 0 _aAccess copy available to the general public.
_fUnrestricted
_2star
520 _aSounding Islam provides a provocative account of the sonic dimensions of religion, combining perspectives from the anthropology of media and sound studies, as well as drawing on neo-phenomenological approaches to atmospheres. Using long-term ethnographic research on devotional Islam in Mauritius, Patrick Eisenlohr explores how the voice, as a site of divine manifestation, becomes refracted in media practices that have become integral parts of religious traditions. At the core of Eisenlohr's concern is the interplay of voice, media, affect, and listeners' religious experiences. Sounding Islam sheds new light on a key dimension of religion, the sonic incitement of sensations that are often difficult to translate into language.
588 0 _aDescription based on print version record.
590 _aLuminos
650 7 _aSocial Science / Anthropology
_2bisacsh
650 7 _aReligion / Antiquities & Archaeology
_2bisacsh
650 7 _aSocial Science / Media Studies
_2bisacsh
650 0 _aReligion
655 0 _aElectronic books.
758 _iIs found in:
_aKnowledge Unlatched
_1https://openresearchlibrary.org/module/2774bc74-146a-484f-a7ba-ab1d6a09bbfb
856 4 0 _uhttps://openresearchlibrary.org/content/b7726945-35b6-473b-b3bb-ed248332d856
_zView this content on Open Research Library.
_70
999 _c25133
_d25133